Betrieb und Steuer Grundlagen zur Betriebswirtschaftlichen Steuerlehre

Guardado en:
Detalles Bibliográficos
Autor principal: Rose, Gerd
Formato: Libro
Lenguaje:alemán
Publicado: Wiesbaden Gabler 1988
Edición:7. erneut überarb. Aufl.
Materias:
Etiquetas: Agregar Etiqueta
Sin Etiquetas, Sea el primero en etiquetar este registro!

MARC

LEADER 00000nam a2200000 4500
001 c000139
005 20221219111702.9
020 |a 3-409-50945-3 
041 0 |a ger 
044 |a DE 
245 1 0 |a Betrieb und Steuer  |b Grundlagen zur Betriebswirtschaftlichen Steuerlehre  |c Gerd Rose 
250 |a 7. erneut überarb. Aufl. 
264 1 |a Wiesbaden  |b Gabler  |c 1988 
300 |a 199 s.  |e príl. 
610 2 0 |a dane podnikové 
610 2 0 |a dane majetkové 
610 2 0 |a sadzby daňové 
610 2 0 |a dane poľnohospodárske 
100 1 |a Rose, Gerd